Atómy v poľnohospodárstve

Bibliographic Details
Main Author: Vereš, Alojz, 1930- (Author)
Format: Book
Language:Slovak
PhysicalDescription:29, [2] s. 8°
Published: Martin Osveta 1957
Series:Veda ľudu
Subjects:

MARC

LEADER 00000nam a2200000 a 4500
001 vtls008320781
003 SK-MaSNL
005 20260302060328.0
008 181127s1957 xo 000 slo
015 |a SKSNBA1958/02-00213 
035 |a SK01SNK19580012998 
035 |a SKM000015461 
040 |a SNK  |b slo  |c SNK  |e AACR2 
041 1 |a slo 
044 |a xo  |c SK 
080 |a 63:539.1  |2 1981 
080 |a 539.1:63  |2 1981 
100 1 |a Vereš, Alojz,  |d 1930-  |4 aut  |9 112885 
245 1 0 |a Atómy v poľnohospodárstve  |c Alojz Vereš 
260 |a Martin  |b Osveta  |c 1957  |e Martin  |f Severoslovenské tlačiarne 
300 |a 29, [2] s.  |c 8° 
490 1 |a Veda ľudu  |v roč. 5., č. 52., séria 4. 
500 |a Pozn. Lit. Tab. Prednáška Čs. spoloč. pre šírenie polit. a vedec. poznatkov na Slovensku 
500 |a Obál. tit. 
650 0 7 |a poľnohospodárstvo  |x rádioizotopy  |x využitie  |x brožúry  |2 SNK  |9 717848 
655 7 |a príručky  |2 SNKPH  |9 74364 
830 0 |a Veda ľudu  |9 303991 
852 |a Slovenská národná knižnica v Martine  |b 10000  |h SD 14688 
852 |a Slovenská národná knižnica v Martine  |b 10000  |h SD 14688 D1 
919 |a brož. 
958 |a OND 
958 |a TL 
958 |a RK 
958 |a NB 
958 |a BQ 
999 |c 1120826  |d 1122756 
952 |a SNK  |b SNK  |y PREZ  |7 0  |p 17A0523415  |o snkSD 14688  |i snkKSP 291/58  |0 0  |1 0  |4 0  |d 2006-10-12  |l 0  |r 2025-11-27 00:00:00  |w 2026-02-24